<?xml version="1.0" encoding="UTF-8"?>
<collection xmlns="http://www.loc.gov/MARC21/slim">
<record>
  <controlfield tag="001">2690775</controlfield>
  <controlfield tag="005">20230803124504.0</controlfield>
  <datafield tag="024" ind1="8" ind2=" ">
    <subfield code="a">oai:cds.cern.ch:2690775</subfield>
    <subfield code="p">cerncds:FULLTEXT</subfield>
  </datafield>
  <datafield tag="037" ind1=" " ind2=" ">
    <subfield code="a">CERN-PHOTO-201909-278</subfield>
  </datafield>
  <datafield tag="100" ind1=" " ind2=" ">
    <subfield code="0">AUTHOR|(CDS)2070299</subfield>
    <subfield code="0">AUTHOR|(SzGeCERN)582709</subfield>
    <subfield code="a">Brice, Maximilien</subfield>
    <subfield code="m">Maximilien.Brice@cern.ch</subfield>
    <subfield code="u">CERN</subfield>
  </datafield>
  <datafield tag="245" ind1=" " ind2=" ">
    <subfield code="a">The CLOUD experiment getting ready for a new cosmic run</subfield>
  </datafield>
  <datafield tag="260" ind1=" " ind2=" ">
    <subfield code="c">2019</subfield>
  </datafield>
  <datafield tag="269" ind1=" " ind2=" ">
    <subfield code="a">Geneva</subfield>
    <subfield code="b">CERN</subfield>
    <subfield code="c">2019-09-23</subfield>
  </datafield>
  <datafield tag="500" ind1=" " ind2=" ">
    <subfield code="a">General Photo</subfield>
  </datafield>
  <datafield tag="506" ind1=" " ind2=" ">
    <subfield code="a">public</subfield>
  </datafield>
  <datafield tag="520" ind1=" " ind2=" ">
    <subfield code="a">CLOUD is starting a cosmic ray run. From 16 to 22 September they are installing instruments and equipment and, as of 23 September, they will be taking data.</subfield>
  </datafield>
  <datafield tag="542" ind1=" " ind2=" ">
    <subfield code="d">CERN</subfield>
    <subfield code="g">2019</subfield>
  </datafield>
  <datafield tag="595" ind1=" " ind2=" ">
    <subfield code="a">CERN EDS</subfield>
    <subfield code="s">PHOTOLAB</subfield>
  </datafield>
  <datafield tag="650" ind1="2" ind2="7">
    <subfield code="2">SzGeCERN</subfield>
    <subfield code="a">Experiments and Tracks</subfield>
  </datafield>
  <datafield tag="650" ind1="1" ind2="7">
    <subfield code="2">SzGeCERN</subfield>
    <subfield code="a">Photolab</subfield>
  </datafield>
  <datafield tag="653" ind1="1" ind2=" ">
    <subfield code="9">CERN</subfield>
    <subfield code="a">Experiments and Collaborations</subfield>
  </datafield>
  <datafield tag="653" ind1="1" ind2=" ">
    <subfield code="9">CERN</subfield>
    <subfield code="a">CLOUD</subfield>
  </datafield>
  <datafield tag="653" ind1="1" ind2=" ">
    <subfield code="9">CERN</subfield>
    <subfield code="a">PS</subfield>
  </datafield>
  <datafield tag="653" ind1="1" ind2=" ">
    <subfield code="9">CERN</subfield>
    <subfield code="a">cosmic rays</subfield>
  </datafield>
  <datafield tag="690" ind1="C" ind2=" ">
    <subfield code="a">CERN</subfield>
  </datafield>
  <datafield tag="690" ind1="C" ind2=" ">
    <subfield code="a">PHOTO</subfield>
  </datafield>
  <datafield tag="700" ind1=" " ind2=" ">
    <subfield code="0">AUTHOR|(CDS)2094367</subfield>
    <subfield code="0">AUTHOR|(SzGeCERN)763679</subfield>
    <subfield code="a">Ordan, Julien Marius</subfield>
    <subfield code="m">julien.ordan@cern.ch</subfield>
    <subfield code="u">CERN</subfield>
  </datafield>
  <datafield tag="856" ind1="4" ind2=" ">
    <subfield code="8">1520184</subfield>
    <subfield code="s">35273709</subfield>
    <subfield code="u">http://cds.cern.ch/record/2690775/files/201909-278_01.jpg</subfield>
  </datafield>
  <datafield tag="856" ind1="4" ind2=" ">
    <subfield code="8">1520185</subfield>
    <subfield code="s">34477759</subfield>
    <subfield code="u">http://cds.cern.ch/record/2690775/files/201909-278_02.jpg</subfield>
  </datafield>
  <datafield tag="856" ind1="4" ind2=" ">
    <subfield code="8">1520186</subfield>
    <subfield code="s">38447514</subfield>
    <subfield code="u">http://cds.cern.ch/record/2690775/files/201909-278_03.jpg</subfield>
  </datafield>
  <datafield tag="856" ind1="4" ind2=" ">
    <subfield code="8">1520187</subfield>
    <subfield code="s">43452577</subfield>
    <subfield code="u">http://cds.cern.ch/record/2690775/files/201909-278_04.jpg</subfield>
  </datafield>
  <datafield tag="856" ind1="4" ind2=" ">
    <subfield code="8">1520188</subfield>
    <subfield code="s">32841526</subfield>
    <subfield code="u">http://cds.cern.ch/record/2690775/files/201909-278_05.jpg</subfield>
  </datafield>
  <datafield tag="856" ind1="4" ind2=" ">
    <subfield code="8">1520189</subfield>
    <subfield code="s">36172929</subfield>
    <subfield code="u">http://cds.cern.ch/record/2690775/files/201909-278_06.jpg</subfield>
  </datafield>
  <datafield tag="856" ind1="4" ind2=" ">
    <subfield code="8">1520184</subfield>
    <subfield code="s">1009391</subfield>
    <subfield code="u">http://cds.cern.ch/record/2690775/files/201909-278_01.jpg?subformat=icon-1440</subfield>
    <subfield code="x">icon-1440</subfield>
  </datafield>
  <datafield tag="856" ind1="4" ind2=" ">
    <subfield code="8">1520184</subfield>
    <subfield code="s">248609</subfield>
    <subfield code="u">http://cds.cern.ch/record/2690775/files/201909-278_01.jpg?subformat=icon-640</subfield>
    <subfield code="x">icon-640</subfield>
  </datafield>
  <datafield tag="856" ind1="4" ind2=" ">
    <subfield code="8">1520184</subfield>
    <subfield code="s">35742</subfield>
    <subfield code="u">http://cds.cern.ch/record/2690775/files/201909-278_01.jpg?subformat=icon-180</subfield>
    <subfield code="x">icon-180</subfield>
  </datafield>
  <datafield tag="856" ind1="4" ind2=" ">
    <subfield code="8">1520185</subfield>
    <subfield code="s">1101274</subfield>
    <subfield code="u">http://cds.cern.ch/record/2690775/files/201909-278_02.jpg?subformat=icon-1440</subfield>
    <subfield code="x">icon-1440</subfield>
  </datafield>
  <datafield tag="856" ind1="4" ind2=" ">
    <subfield code="8">1520185</subfield>
    <subfield code="s">272605</subfield>
    <subfield code="u">http://cds.cern.ch/record/2690775/files/201909-278_02.jpg?subformat=icon-640</subfield>
    <subfield code="x">icon-640</subfield>
  </datafield>
  <datafield tag="856" ind1="4" ind2=" ">
    <subfield code="8">1520185</subfield>
    <subfield code="s">37558</subfield>
    <subfield code="u">http://cds.cern.ch/record/2690775/files/201909-278_02.jpg?subformat=icon-180</subfield>
    <subfield code="x">icon-180</subfield>
  </datafield>
  <datafield tag="856" ind1="4" ind2=" ">
    <subfield code="8">1520186</subfield>
    <subfield code="s">1419160</subfield>
    <subfield code="u">http://cds.cern.ch/record/2690775/files/201909-278_03.jpg?subformat=icon-1440</subfield>
    <subfield code="x">icon-1440</subfield>
  </datafield>
  <datafield tag="856" ind1="4" ind2=" ">
    <subfield code="8">1520186</subfield>
    <subfield code="s">337252</subfield>
    <subfield code="u">http://cds.cern.ch/record/2690775/files/201909-278_03.jpg?subformat=icon-640</subfield>
    <subfield code="x">icon-640</subfield>
  </datafield>
  <datafield tag="856" ind1="4" ind2=" ">
    <subfield code="8">1520186</subfield>
    <subfield code="s">43275</subfield>
    <subfield code="u">http://cds.cern.ch/record/2690775/files/201909-278_03.jpg?subformat=icon-180</subfield>
    <subfield code="x">icon-180</subfield>
  </datafield>
  <datafield tag="856" ind1="4" ind2=" ">
    <subfield code="8">1520187</subfield>
    <subfield code="s">1204648</subfield>
    <subfield code="u">http://cds.cern.ch/record/2690775/files/201909-278_04.jpg?subformat=icon-1440</subfield>
    <subfield code="x">icon-1440</subfield>
  </datafield>
  <datafield tag="856" ind1="4" ind2=" ">
    <subfield code="8">1520187</subfield>
    <subfield code="s">292054</subfield>
    <subfield code="u">http://cds.cern.ch/record/2690775/files/201909-278_04.jpg?subformat=icon-640</subfield>
    <subfield code="x">icon-640</subfield>
  </datafield>
  <datafield tag="856" ind1="4" ind2=" ">
    <subfield code="8">1520187</subfield>
    <subfield code="s">39023</subfield>
    <subfield code="u">http://cds.cern.ch/record/2690775/files/201909-278_04.jpg?subformat=icon-180</subfield>
    <subfield code="x">icon-180</subfield>
  </datafield>
  <datafield tag="856" ind1="4" ind2=" ">
    <subfield code="8">1520188</subfield>
    <subfield code="s">1012610</subfield>
    <subfield code="u">http://cds.cern.ch/record/2690775/files/201909-278_05.jpg?subformat=icon-1440</subfield>
    <subfield code="x">icon-1440</subfield>
  </datafield>
  <datafield tag="856" ind1="4" ind2=" ">
    <subfield code="8">1520188</subfield>
    <subfield code="s">255138</subfield>
    <subfield code="u">http://cds.cern.ch/record/2690775/files/201909-278_05.jpg?subformat=icon-640</subfield>
    <subfield code="x">icon-640</subfield>
  </datafield>
  <datafield tag="856" ind1="4" ind2=" ">
    <subfield code="8">1520188</subfield>
    <subfield code="s">36219</subfield>
    <subfield code="u">http://cds.cern.ch/record/2690775/files/201909-278_05.jpg?subformat=icon-180</subfield>
    <subfield code="x">icon-180</subfield>
  </datafield>
  <datafield tag="856" ind1="4" ind2=" ">
    <subfield code="8">1520189</subfield>
    <subfield code="s">259965</subfield>
    <subfield code="u">http://cds.cern.ch/record/2690775/files/201909-278_06.jpg?subformat=icon-640</subfield>
    <subfield code="x">icon-640</subfield>
  </datafield>
  <datafield tag="856" ind1="4" ind2=" ">
    <subfield code="8">1520189</subfield>
    <subfield code="s">37614</subfield>
    <subfield code="u">http://cds.cern.ch/record/2690775/files/201909-278_06.jpg?subformat=icon-180</subfield>
    <subfield code="x">icon-180</subfield>
  </datafield>
  <datafield tag="856" ind1="4" ind2=" ">
    <subfield code="8">1520189</subfield>
    <subfield code="s">989769</subfield>
    <subfield code="u">http://cds.cern.ch/record/2690775/files/201909-278_06.jpg?subformat=icon-1440</subfield>
    <subfield code="x">icon-1440</subfield>
  </datafield>
  <datafield tag="859" ind1=" " ind2=" ">
    <subfield code="f">julien.ordan@cern.ch</subfield>
  </datafield>
  <datafield tag="859" ind1=" " ind2=" ">
    <subfield code="f">corinne.pralavorio@cern.ch</subfield>
  </datafield>
  <datafield tag="916" ind1=" " ind2=" ">
    <subfield code="s">n</subfield>
    <subfield code="w">201939</subfield>
  </datafield>
  <datafield tag="923" ind1=" " ind2=" ">
    <subfield code="p">CERN 157</subfield>
    <subfield code="r">Corinne Pralavorio &lt;corinne.pralavorio@cern.ch></subfield>
  </datafield>
  <datafield tag="960" ind1=" " ind2=" ">
    <subfield code="a">86</subfield>
  </datafield>
  <datafield tag="963" ind1=" " ind2=" ">
    <subfield code="a">PUBLIC</subfield>
  </datafield>
  <datafield tag="963" ind1=" " ind2=" ">
    <subfield code="b">VISIBLE</subfield>
  </datafield>
  <datafield tag="980" ind1=" " ind2=" ">
    <subfield code="a">PHOTOLABCERN</subfield>
  </datafield>
</record>
</collection>